Apéndice de la guía práctica, tercer grado / (Record no. 3641)
[ view plain ]
| 000 -CABECERA | |
|---|---|
| campo de control de longitud fija | 00728nam a2200205 a 4500 |
| 005 - FECHA Y HORA DE LA ÚLTIMA TRANSACCIÓN | |
| campo de control | 20230601063707.0 |
| 008 - ELEMENTOS DE LONGITUD FIJA--INFORMACIÓN GENERAL | |
| campo de control de longitud fija | 991125s1992 mx 000 0 spa u |
| 020 ## - NÚMERO INTERNACIONAL NORMALIZADO PARA LIBROS | |
| Número Internacional Estándar del Libro | 9700304639 |
| 035 ## - NÚMERO DE CONTROL DEL SISTEMA | |
| Número de control de sistema | UPN01000003641 |
| 049 ## - COLECCIÓN | |
| Colección | LT |
| 050 #4 - SIGNATURA TOPOGRÁFICA DE LA BIBLIOTECA DEL CONGRESO | |
| Número de clasificación | LB1557 M6.3 |
| Número de documento/Ítem | M4.3 |
| 100 1# - ASIENTO PRINCIPAL--NOMBRE PERSONAL | |
| Nombre de persona | Méndez Gutiérrez, Francisco |
| 9 (RLIN) | 29292 |
| 245 10 - MENCIÓN DE TÍTULO | |
| Título | Apéndice de la guía práctica, tercer grado / |
| Mención de responsabilidad, etc. | Francisco Méndez Gutiérrez, Arcadio Moreno Aguilar, Ma. Antonieta Malváez Silva. |
| 260 ## - PUBLICACIÓN, DISTRIBUCIÓN, ETC. | |
| Lugar de publicación, distribución, etc. | México : |
| Nombre del editor, distribuidor, etc. | Fernández, |
| Fecha de publicación, distribución, etc. | 1992. |
| 300 ## - DESCRIPCIÓN FÍSICA | |
| Extensión | p. 250-344 |
| 650 #4 - ASIENTO SECUNDARIO DE MATERIA - TERMINO TEMATICO | |
| Término de materia o nombre geográfico como elemento de entrada | Civismo |
| Subdivisión general | Estudio y enseñanza (Elemental) |
| 9 (RLIN) | 2807 |
| 700 1# - ASIENTO SECUNDARIO--NOMBRE DE PERSONAL | |
| Nombre de persona | Moreno Aguilar, Arcadio, |
| Término indicativo de función/relación | coaut. |
| 9 (RLIN) | 29391 |
| 700 1# - ASIENTO SECUNDARIO--NOMBRE DE PERSONAL | |
| Nombre de persona | Malváez Silva, María Antonieta, |
| Término indicativo de función/relación | coaut. |
| 9 (RLIN) | 29108 |
| 905 ## - TIPO DE MATERIAL | |
| Tipo de material | Libro |
| Estado de retiro | Estado de pérdida | Fuente del sistema de clasificación o colocación | Estado dañado | No para préstamo | Código de colección | Localización permanente | Ubicación/localización actual | Ubicación en estantería | Fecha de adquisición | Clasificación | Código de barras | Fecha visto por última vez | Número de copia | Tipo de ítem Koha |
|---|---|---|---|---|---|---|---|---|---|---|---|---|---|---|
| Library of Congress Classification | Disponible (Préstamo en sala) | Libros de texto | Bib. Gregorio Torres Quintero | Bib. Gregorio Torres Quintero | Colecciones especiales Planta alta | 25/05/2023 | LB1557 M6.3 M4.3 | 105471 | 31/12/2020 | 1 | Libro |
